000 00892cam a2200241 a 4500
001 000018408
005 20200929165509.0
008 760109s1968 fr 000 0 fre d
040 _aDO-SdBNP
_bfre
_cLC
_dBNPHU
082 _a842.41
_bC813t
100 1 _aCorneille, Pierre,
_d1606-1684.
_939852
245 1 0 _aThéâtre de Corneille /
_cPierre Corneille ; prólogo Jacques Maurens.
260 _aParis :
_bGarnier-Flammarion,
_c1968.
300 _a692 p. ;
_c18 cm.
490 1 _aTexte Integral
505 0 _gv. 1.
_tComédies. Mélite -- La veuve -- La galerie du palais -- La suivante -- La place royale -- L´illusion comique -- Le menteur -- La suite du menteur.
650 4 _aTeatro francés
_95359
650 4 _aLiteratura francesa
_91074
700 1 _aMaurens, Jacques,
_epról.
_939853
830 0 _aTexte Integral
_939854
910 _aCatalogación derivada / LC
049 _aBNGR
999 _c17929
_d17929